Looney Tunes par Emojis - Statistiques

Statistiques générales
  • Ce quiz a été pris 891 fois
  • Le résultat moyen est 6 sur 10
Statistiques - réponses
Emojis Livres % Correct
Bugs Bunny
97%
Taz
78%
Daffy Duck
71%
Speedy Gonzales
66%
Titi
64%
Sylvestre le Chat
63%
Pépé le Putois
44%
Porky Pig
42%
Marvin le Martien
37%
Sam le Pirate
34%
Aucun quiz correspondant
Distribution des résultats
% des personnes avec chaque résultat
Percentile par nombre de réponses
Votre historique - résultats
Vous n’avez pas pris ce quiz